| 000 | 00447nam a2200181Ia 4500 | ||
|---|---|---|---|
| 001 | 11044 | ||
| 005 | 20260306161917.0 | ||
| 008 | 260306t2015||||xx |||||||||||||| ||spa|| | ||
| 041 | _aESP | ||
| 082 |
_a985.001 _bR68 T. 8 |
||
| 100 |
_aRiva-Agüero, José de la _eAUT |
||
| 245 | 0 | _aEstudios de genealogía peruana | |
| 260 | _c2015 | ||
| 300 |
_axxiv, 433 páginas : _c22 cm. |
||
| 650 | _aGEN | ||
| 654 | _aCHU | ||
| 942 |
_cLIB _dJUS _fJUS _2ddc _n |
||
| 999 |
_c11044 _d11044 |
||